| 000 | 00451nam a22001577a 4500 | ||
|---|---|---|---|
| 008 | 161117b xxu||||| |||| 00| 0 eng d | ||
| 020 | _a9780136075615 | ||
| 050 |
_aT58.6 _b.K76 2010 |
||
| 100 | _aKroenke, David | ||
| 245 |
_aMIS essentials / _cDavid M. Kroenke |
||
| 260 |
_aBoston : _bPrentice Hall, _cc2011 |
||
| 300 |
_axxx,374p. _c28cm. |
||
| 650 | _aManagement information systems | ||
| 650 | _aBusiness|xData processing | ||
| 942 |
_2lcc _cBK |
||
| 999 |
_c47318 _d47318 |
||